Catalog

Record Details

Catalog Search



Cyberspace Safety and Security 5th International Symposium, CSS 2013, Zhangjiajie, China, November 13-15, 2013, Proceedings  Cover Image E-book E-book

Cyberspace Safety and Security [electronic resource] : 5th International Symposium, CSS 2013, Zhangjiajie, China, November 13-15, 2013, Proceedings / edited by Guojun Wang, Indrakshi Ray, Dengguo Feng, Muttukrishnan Rajarajan.

Wang, Guojun. (editor.). Ray, Indrakshi. (editor.). Feng, Dengguo. (editor.). Rajarajan, Muttukrishnan. (editor.). SpringerLink (Online service) (Added Author).

Record details

  • ISBN: 9783319035840
  • Physical Description: XXVI, 480 p. 149 illus. online resource.
  • Publisher: Cham : Springer International Publishing : 2013.
Subject: Computer science.
Computer Communication Networks.
Data protection.
Data encryption (Computer science).
Computer Science.
Systems and Data Security.
Computer Communication Networks.
Data Encryption.
Computers and Society.

Electronic resources


LDR 01932nam a22004815i 4500
00120408
003CONS
00520131107191654.0
007cr nn 008mamaa
008131107s2013 gw | s |||| 0|eng d
020 . ‡a9783319035840 ‡9978-3-319-03584-0
0247 . ‡a10.1007/978-3-319-03584-0 ‡2doi
035 . ‡a(DE-He213)978-3-319-03584-0
050 4. ‡aQA76.9.A25
072 7. ‡aUR ‡2bicssc
072 7. ‡aUTN ‡2bicssc
072 7. ‡aCOM053000 ‡2bisacsh
1001 . ‡aWang, Guojun. ‡eeditor.
24510. ‡aCyberspace Safety and Security ‡h[electronic resource] : ‡b5th International Symposium, CSS 2013, Zhangjiajie, China, November 13-15, 2013, Proceedings / ‡cedited by Guojun Wang, Indrakshi Ray, Dengguo Feng, Muttukrishnan Rajarajan.
264 1. ‡aCham : ‡bSpringer International Publishing : ‡bImprint: Springer, ‡c2013.
300 . ‡aXXVI, 480 p. 149 illus. ‡bonline resource.
336 . ‡atext ‡btxt ‡2rdacontent
337 . ‡acomputer ‡bc ‡2rdamedia
338 . ‡aonline resource ‡bcr ‡2rdacarrier
347 . ‡atext file ‡bPDF ‡2rda
4901 . ‡aLecture Notes in Computer Science, ‡x0302-9743 ; ‡v8300
650 0. ‡aComputer science.
650 0. ‡aComputer Communication Networks.
650 0. ‡aData protection.
650 0. ‡aData encryption (Computer science).
65014. ‡aComputer Science.
65024. ‡aSystems and Data Security.
65024. ‡aComputer Communication Networks.
65024. ‡aData Encryption.
65024. ‡aComputers and Society.
7001 . ‡aRay, Indrakshi. ‡eeditor.
7001 . ‡aFeng, Dengguo. ‡eeditor.
7001 . ‡aRajarajan, Muttukrishnan. ‡eeditor.
7102 . ‡aSpringerLink (Online service)
7730 . ‡tSpringer eBooks
77608. ‡iPrinted edition: ‡z9783319035833
830 0. ‡aLecture Notes in Computer Science, ‡x0302-9743 ; ‡v8300
85640. ‡uhttp://biblioteca.ipicyt.edu.mx:2048/login?url=http://dx.doi.org/10.1007/978-3-319-03584-0 ‡yTexto completo ‡9CONS
950 . ‡aComputer Science (Springer-11645)
901 . ‡a20408 ‡b ‡c20408 ‡tbiblio ‡sSystem Local

Additional Resources